Make in india; (Record no. 208542)

MARC details
000 -LEADER
fixed length control field 00609nam a22002057a 4500
005 - DATE AND TIME OF LATEST TRANSACTION
control field 20250116105100.0
010 ## - LCCN (DPL NO)
LC control number ENG-143478
020 ## - INTERNATIONAL STANDARD BOOK NUMBER
Terms of availability 9789384335342
035 ## - SYSTEM CONTROL NUMBER
System control number EN-127010
037 ## - SOURCE OF ACQUISITION
Source of stock number/acquisition DBAD
082 ## - DEWEY DECIMAL CLASSIFICATION NUMBER
Classification number 338.954
100 ## - MAIN ENTRY--PERSONAL NAME
Personal name Manoj K. Singh
245 ## - TITLE STATEMENT
Title Make in india;
Remainder of title A lion's step to indian economic development/
Statement of responsibility, etc Manoj K. Singh
260 ## - PUBLICATION, DISTRIBUTION, ETC. (IMPRINT)
Place of publication, distribution, etc Delhi
Name of publisher, distributor, etc Mukund publication
270 ## - ADDRESS
City Delhi
Address E-11/5, krishna nagar,
Postal code 110051
300 ## - PHYSICAL DESCRIPTION
Extent 256 p.
Dimensions 22 cm
600 ## - SUBJECT ADDED ENTRY--PERSONAL NAME
Dates associated with a name Manoj K. Singh
700 ## - ADDED ENTRY--PERSONAL NAME
Personal name Manoj K. Singh
9 (RLIN) 76612
942 ## - ADDED ENTRY ELEMENTS (KOHA)
Source of classification or shelving scheme Dewey Decimal Classification
Item type English Books
Call number suffix Man
Classification part 338.954
Holdings
Withdrawn status Lost status Not for loan Collection code Home library Current library Date acquired Source of acquisition Cost, normal purchase price Full call number Barcode Copy number Cost, replacement price Koha item type
      Non-fiction D.B.Act.Division D.B.Act.Division 16/01/2025 DBAD 995.00 Man 338.954 EN-127010 1 995.00 English Books

© Delhi Public Library
Hit Counter
free hit counter